Трактат про грошову реформу. Загальна теорія зайнятості, процента та грошей (Запис № 330361)

МАРК-запис
000 -Лідер
fixed length control field 00775nam a22002417a 4500
001 - Контрольний номер
control field 44238
003 - Ідентифікатор контрольного номера
control field UA-OsUOA
005 - Дата та час останнього входження (трансакції)
control field 20201221223024.0
007 - Фіксоване поле фізичного опису
fixed length control field ta
008 - Елементи даних фіксованої довжини – загальна інформація
fixed length control field 20070216b un ||||| |||| 00| 0 ukr d
040 ## - Джерело каталогізації
Агенція оригінальної каталогізації UA-OsUOA
Мова каталогізації ukr
Агенція, яка здійснювала перезапис UA-OsUOA
Агенція, яка здійснювала модифікацію UA-OsUOA
041 ## - Код мови
Код мови тексту/ звукової доріжки чи окремого заголовка (П) ukr
080 ## - Індекс Універсальної десяткової класифікації
Індекс Універсальної десяткової класифікації (УДК) (НП) 336.74(048.3)
090 ## - Локальний шифр розміщення
Класифікаційний індекс УДК 336.74(048.3)
Авторський знак (НП) К33
100 ## - Основне введення – ім’я особи
Ім’я особи (НП) Кейнс Дж. М.
245 ## - Відомості про назву
Назва (НП) Трактат про грошову реформу. Загальна теорія зайнятості, процента та грошей
Решта назви (НП) реферат-дайджест
260 ## - Публікація, розповсюдження і т.п. (Вихідні дані)
Місце публікації, розповсюдження і т.п. (П) К.
Ім’я/ наймення видавництва, розповсюджувача і т.п. (П) АУБ
Дата публікації, розповсюдження і т.п. (П) 1999
300 ## - Фізичний опис
Обсяг 189 с.
650 #7 - Додаткове предметне введення – тематичний термін
Тематичний термін чи географічна назва, як елемент введення (НП) 336 Фінанси
Джерело заголовка чи терміна UDC
942 ## - Додаткові елементи входу (Коха)
Тип елемента Koha Книги
Source of classification or shelving scheme Universal Decimal Classification
955 ## - Код типу видання за змістом
Код типу видання за змістом (НП) Навчальні видання
Фонди
Стан вилучень Стан втрат Джерело класифікації або схеми стелажів Стан уражень Не для кредиту Постійне місце розташування Поточне розміщення Дата придбання Джерело придбання Вартість, звичайна ціна покупки Інвентарний номер Усього замовленно Повний номер виклику Штрих-код Дата останнього перегляду Ціна ефективна від Тип елемента Koha Дата останньої перевірки Усього утримується
    Universal Decimal Classification     АБ - Абонемент НБ АБ - Абонемент НБ 16/02/2007 28/2007 12.00 103015 1 336.74(048.3) К33 103015 07/12/2021 16/02/2007 Книги 25/09/2020  
    Universal Decimal Classification     АБ - Абонемент НБ АБ - Абонемент НБ 16/02/2007 28/2007 12.00 103016 1 336.74(048.3) К33 103016 07/12/2021 16/02/2007 Книги 23/09/2020  
    Universal Decimal Classification     АБ - Абонемент НБ АБ - Абонемент НБ 16/02/2007 28/2007 12.00 103017 1 336.74(048.3) К33 103017 07/12/2021 16/02/2007 Книги 23/09/2020  
    Universal Decimal Classification     АБ - Абонемент НБ АБ - Абонемент НБ 16/02/2007 28/2007 12.00 103018   336.74(048.3) К33 103018 07/12/2021 16/02/2007 Книги    
    Universal Decimal Classification     ЧЗ - Читальна зала ЧЗ - Читальна зала 25/01/2007 11/2007 3.00 102535   336.74(048.3) К33 102535 06/02/2022 25/01/2007 Книги    
    Universal Decimal Classification     ЧЗ - Читальна зала ЧЗ - Читальна зала 16/02/2007 28/2007 12.00 103010   336.74(048.3) К33 103010 06/02/2022 16/02/2007 Книги    
    Universal Decimal Classification     ЧЗ - Читальна зала ЧЗ - Читальна зала 16/02/2007 28/2007 12.00 103011   336.74(048.3) К33 103011 06/02/2022 16/02/2007 Книги    
    Universal Decimal Classification     ЧЗ - Читальна зала ЧЗ - Читальна зала 16/02/2007 28/2007 12.00 103012   336.74(048.3) К33 103012 06/02/2022 16/02/2007 Книги    
    Universal Decimal Classification     ЧЗ - Читальна зала ЧЗ - Читальна зала 16/02/2007 28/2007 12.00 103013   336.74(048.3) К33 103013 06/02/2022 16/02/2007 Книги    
    Universal Decimal Classification     ЧЗ - Читальна зала ЧЗ - Читальна зала 16/02/2007 28/2007 12.00 103014   336.74(048.3) К33 103014 07/02/2022 16/02/2007 Книги    
Withdrawn   Universal Decimal Classification   Not For Loan ЧЗ - Читальна зала ЧЗ - Читальна зала 16/02/2007 28/2007 12.00 103019   336.74(048.3) К33 103019 13/07/2019 16/02/2007 Книги   1
    Universal Decimal Classification     ЧЗ - Читальна зала ЧЗ - Читальна зала 03/10/2007 161/2007 5.00 108437   336.74(048.3) К33 108437 06/02/2022 03/10/2007 Книги